000 00500nam a2200169Ia 4500
003 SGT
082 _a621.38152
_bSTR
100 _aStonier,Alfred W
245 _aSolid state electronic device
_b9788120330207
250 _a6th Ed.
260 _bPHI Learning Private Limited
_aNew Delhi
_c2006
300 _a579p.
650 _aELECTRONIC ENGINEERING
653 _aCRYSTAL PROPERTIES AND GROWTH OF SEMICONDUCTORS , ATOMS AND ELECTRONS ,JUNCTIONS
700 _aBanerjee,Sanjay Kumar
942 _2ddc
_cBK
999 _c5214
_d5214